| 000 | 01007nam a22002537a 4500 | ||
|---|---|---|---|
| 999 |
_c311 _d311 |
||
| 003 | AR-BaISA | ||
| 005 | 20220816130245.0 | ||
| 007 | ta | ||
| 008 | 180216s1999 ag ad||| |||| 00| 0 spa d | ||
| 020 | _a9506393540 | ||
| 020 | _a9789506393540 | ||
| 040 | _cAR-BaISA | ||
| 082 | 0 | 4 |
_222 _a155.904 2 C663 |
| 100 | 1 | 0 |
_9384 _aCormillot, Alberto _eaut. |
| 245 | 1 | 0 |
_aVivir sin stress: _bayúdese a encontrar relax en la rutina. Técnicas de relajación . La dieta, el cuerpo y la mente / _cAlberto Cormillot |
| 260 |
_aBuenos Aires: _bPerfil, _c1999 |
||
| 300 |
_a170 p.: _bil., graf. |
||
| 490 | 1 | _aLa dieta del siglo XXI | |
| 504 | _aBibliografía p: 165-167 | ||
| 505 |
_t¿Qué es el stress? -- _tSituaciones de stress en las etapas de la vida -- _tEstrategias para manejar el stress -- _tLa alimentación y el stress -- _tTécnicas para el cuerpo -- _tTécnicas alternativas para aliviar el stress |
||
| 650 | 1 | 4 |
_9235 _aEstrés _xpsicología |
| 830 | 3 |
_9385 _aLa dieta del siglo XXI |
|
| 942 |
_2ddc _cLI |
||